MDQL
is popping MORE tags! Check the
thread
!
Quizzes
Events
Quiz Creation
Community
Videos
Private Events
Remove Ads
Sign In
Join for FREE
Feedback
Dark Mode
Quiz Categories
Sports
Geography
Music
Movies
Television
Just For Fun
Miscellaneous
History
Literature
Language
Science
Gaming
Entertainment
Religion
Holiday
For Kids
Quiz Lab
Recent
Popular Today
Quiz Kudos Today
Editor Picks
Curator Picks
Quizzes by...
Day
Popularity
Type
Ratings
Length
Year
Community
Subscriptions
Recent Discussions
Orange Saloon
Badges
Playlists
Quests
Create
Leaderboards
Showdown
Live 5
Trivia Bingo
Activity
Puzzle Library
Sporcle Events
Private Events
Virtual Trivia
Globe League
Become a Host
Pub Owners
SporcleCon
Opinionation
Our Games
Videos
Blog
Mobile Apps
Partnerships
Remove Ads and Go Orange
Feedback
Literature
Harry Potter
A Song of Ice and Fire
The Hunger Games
Literary Character
Shakespeare
Book
Author
Novel
Poem
Young Adult
Children's Books
Play
Lord of the Rings
Literature
Harry Potter
A Song of Ice and Fire
The Hunger Games
Literary Character
Shakespeare
Book
Author
Novel
Poem
Young Adult
Children's Books
Play
Lord of the Rings
Random Quiz
Search Sporcle
×
Quiz Lab
Quiz Lab
Literature
College
Type in answers that appear in a list
Type in answers that appear in a list
Classic
Best Score? Go Orange.
Wuthering Heights Characters Stats
Can you name the Cornell College Buildings?
By
Phaetyl
5m
15 Questions
629 Plays
629 Plays
629 Plays
Comments
Comments
Give Quiz Kudos
Give Quiz Kudos
-
- Ratings
hide this ad
Forced Order
Answers have to be entered in order
Answers have to be entered in order
Random Order
Randomize order of answers
Randomize order of answers
Replay
Link that replays current quiz
Next Quiz
Link to next quiz in quiz playlist
You Got
0%
They Got
Avg Score
81%
Avg Friend Score
Upgrade to see
Score Distribution
Jump to the score distribution portion of the page
Score
0/15
Timer
05:00
0
Plays Today
Description
Character
% Correct
Orphaned child brought to live at Wuthering Heights; later owns it
Heathcliff
93.6%
Hot-
headed girl/
woman who marries one man while loving another more
Catherine Earnshaw (Linton)
92.7%
Tells the families' tale to the primary narrator
Ellen 'Nelly' Dean
90.8%
Devoted husband with delicate features and constitution
Edgar Linton
89.5%
Fair-
haired girl that eventually escapes her husband and moves south
Isabella Linton (Heathcliff)
89%
Spoiled girl that marries one cousin and is set to marry another
Catherine Linton
87.6%
Raging drunk; loses all his money to his enemy
Hindley Earnshaw
87.3%
Rough boy who received bad influence all around; now learning to read from his cousin
Hareton Earnshaw
87.3%
Description
Character
% Correct
Frail boy that marries his cousin
Linton Heathcliff
86.8%
Man who favored the orphaned child over his own children
Mr. Earnshaw
86.6%
Primary narrator of the story; tenant at Thrushcross Grange
Mr. Lockwood
85.5%
Grumpy old manservant
Joseph
84.1%
Housekeeper that takes over after the previous one followed the mistress to Thrushcross Grange
Zillah
62.2%
Frail and delicate wife who dies in childbirth
Frances Earnshaw
57.2%
The doctor
Dr. Kenneth
39.6%
Quiz Playlist
Details
Report
Send in Message
Add To Playlist
Classic:
Type in answers that appear in a list
Forced Order:
Answers have to be entered in order
Random Order:
Randomize order of answers
Last Updated: Feb 16, 2017
Quiz Scoreboard
CHALLENGE
Sign Up to Join the Scoreboard
Show All
Scores
Hide
Comments
May contain spoilers
Recently Published
Street Fighter Characters
by Artimus82
Gaming
60s
9x9 Crossword: Cartoon Network
by jackfrog10
Miscellaneous
3m
College Basketball Coaching Resumes
by pancakes188
Sports
9m
More to Explore
Quiz From the Vault
Featured Blog Post
Where Did the Easter Bunny Come From?
hide this ad
You Might Also Like...
Tags
College Quiz
Building
Character
Cornell
description
height
Today's Top Quizzes in Literature
Browse Literature
hide this ad
Today's Top Quizzes in College
Browse College
Top Contributed Quizzes in Literature
1
Sneaky Slytherin Logic Puzzle
2
Get The Picture: Black or White Literature
3
5-to-1: Plays
4
A Court of Thorns and Roses (ACoTaR) Logic Puzzle
5
One Thing in Common: Literature
6
One Thing in Common: Literature II
7
One Thing in Common: Books
8
One Thing in Common: Literature 3
9
One Thing in Common: Books II
10
Literary Siblings Odd One Out III
Explore More
Trending Topics
Disney
NBA
Harry Potter
Crossword
Kpop
Marvel
Anime
NFL
Song
Puzzle
Soccer
Pokémon
The Office
Country
WWE
hide this ad
More By:
Phaetyl
Quiz
Plays
Rating
Category
Featured
Created
Supernatural- Dean Deaths
7,913
4.69
Television
Oct 16, 2010
Big Bang Theory- Who Said It Season 1
2,993
3.10
Entertainment
Oct 16, 2010
Supernatural Trivia- True Fans Only
1,313
Television
Oct 17, 2010
The Anthem Lyrics
773
5.00
Music
Oct 23, 2010
Wuthering Heights Characters
629
4.50
Literature
Jan 11, 2011
Go to Creator's Profile
Score Distribution
Quiz Creator Spotlight
Phaetyl
Follow
Send a Message
Quizzes Created
-
Created Quiz Play Count
-
More By This Creator
Popular Quizzes Today
1
Find the US States - No Outlines Minefield
2
Find the Countries of Europe - No Outlines Minefield
3
The Countries of the World
4
Find the US States
5
Risky Map Clicking: Biggest States A-Z
6
US States
7
Popular People in 1961
8
Movies - When Are They Set?
More Literature Quizzes
Dr. Seuss Characters
Published
Trending Quizzes
Risky Map Clicking: Least Populous States A-Z
Countries of the World: 200 Million BC
1-10 Letter G Words
Risky Map Clicking: Next State Alphabetically
Adjectives in 80s TV Shows
Recently Updated
Leaping Animals
pecheneg
Reality TV Shows (A-Z)
bhenderson79
Rickey Henderson's Hall of Fame Teammates
pecheneg
Champions League XIs: Arsenal
pecheneg
Quick Pick: Celebrities in WWE's Hall of Fame
aduchscher
A-Z Keypad Blitz II
pecheneg
Multiple Oscar Actors
pecheneg
Mystery Phrase Blitz: Oscar 'Best Actors'
pecheneg
F. Scott Fitzgerald Novels
LTH
Pick 3 Villains
ddd62291
Trending Topics
Crossword
Marvel
Anime
Harry Potter
Disney
Kpop
NBA
Country
Puzzle
Song
The Office
Soccer
Pokémon
WWE
NFL
Your Account Isn't Verified!
In order to create a playlist on Sporcle, you need to verify the email address you used during registration. Go to your
Sporcle Settings
to finish the process.
Report this User
Report this user for behavior that violates our
Community Guidelines
.
Details:
Send Report
Go to the Sporcle.com Mobile Site →
Comments